The Encyclopedia of origami and papercraft techniques

Bibliographic Details
Main Author: Jackson, Paul
Format: Book
Published: London : Quarto Publishing , 1992
Subjects:

MARC

LEADER 00000cam a2200000 7i4500
001 0000002843
002 000003077
005 20000330.0
020 |a 0747278881 
090 0 0 |a 745.54   |b JAC 
100 1 |a Jackson, Paul 
245 1 4 |a The Encyclopedia of origami and papercraft techniques   |c Paul Jackson 
260 |a London :   |b Quarto Publishing ,   |c 1992 
300 |a 192p. :   |b illust. ;   |c 22 cm. 
650 0 0 |a Origami 
650 0 0 |a Papercraft 
999 |a 035177   |b BUKU   |c PINJAMAN   |e PERPUSTAKAAN KOMUNITI PETALING JAYA 
999 |a 035178   |b BUKU   |c PINJAMAN   |e PERPUSTAKAAN KOMUNITI PETALING JAYA